| 000 | 00508nam a2200181 4500 | ||
|---|---|---|---|
| 001 | 116816 | ||
| 003 | ES-MaACL | ||
| 005 | 20230906190756.0 | ||
| 007 | t| | ||
| 008 | 061121s1967 sp r ||||1| cat d | ||
| 100 | 1 |
_aPavese, Cesare. _989679 |
|
| 245 | 1 | 3 |
_aEl company / _cCesare Pavese ; traducció de Francesc Parcerisas. |
| 250 | _a1ª ed. | ||
| 260 |
_aBarcelona : _bEd. 62, _c1967. |
||
| 300 |
_a190 p. ; _c20 cm. |
||
| 700 | 1 |
_aParcerisas, Francesc. _988941 |
|
| 852 |
_aES-MaACL _jC-34214 _bR.64620 |
||
| 999 |
_c116816 _d116816 |
||